| 000 | 01072nam a2200337 i 4500 | ||
|---|---|---|---|
| 001 | 66390 | ||
| 003 | ES-MaACL | ||
| 005 | 20240221121716.0 | ||
| 007 | t| | ||
| 008 | 021030s2002 sp ||||0| spa d | ||
| 020 | _a84-397-0937-4 | ||
| 040 |
_aM-BN _bspa _cM-BN |
||
| 080 | _a929 Hitler, Adolf | ||
| 080 | _a323.12(=411.16:430)"1933/45" | ||
| 080 | _a94(=411.16:4)"1939/45" | ||
| 100 | 1 |
_aWistrich, Robert S. _9117159 |
|
| 245 | 1 | 0 |
_aHitler y el holocausto / _cRobert S. Wistrich ; traducción de Ricard Martínez i Muntada. |
| 250 | _a1ª ed. | ||
| 260 |
_a[Barcelona] : _bMondadori, _c2002. |
||
| 300 |
_a447 p : _bmapas ; _c20 cm. |
||
| 490 | 1 | _aBreve historia universal | |
| 500 | _aIndice. | ||
| 600 | 1 | 4 |
_aHitler, Adolf, _d1889-1945 _963836 |
| 650 | 1 | 4 |
_aAntisemitismo- _zAlemania- _y1933-1945. _99859 |
| 650 | 4 |
_aJudíos- _zEuropa- _y1939-1945. _913988 |
|
| 700 | 1 |
_aMartínez i Muntada, Ricard. _978157 |
|
| 830 | 0 |
_aBreve historia universal _9180650 |
|
| 852 |
_aES-MaACL _jL-26881 _bR.132550 |
||
| 999 |
_c66390 _d66390 |
||